01527nam a2200373 a 4500001001200000003000800012006001900020007001500039008004100054010001700095020001500112020001800127020002700145040002100172035002100193043002100214050002400235082002300259100002200282245011700304260003800421300003000459504005100489533015200540650007300692650005000765650003100815651004400846651007200890655002900962710001700991856012601008999001901134ebr10498857CaPaEBRm u cr cn|||||||||060320s2005 nyuab sb 001 0 eng d z 2006295771 z1932714146 z9781932714142 z9781611210125 (e-book) aCaPaEBRcCaPaEBR a(OCoLC)759859032 an-us-paan-us---14aE475.56b.N6 2005eb04a358/.1282/09732221 aNewton, George W.10aSilent sentinelsh[electronic resource] :ba reference guide to the artillery at Gettysburg /cGeorge W. Newton. aNew York :bSavas Beatie,cc2005. axx, 259 p. :bill., maps. aIncludes bibliographical references and index. aElectronic reproduction.bPalo Alto, Calif. :cebrary,d2011.nAvailable via World Wide Web.nAccess may be limited to ebrary affiliated libraries. 0aArtillery, Field and mountainzUnited StatesxHistoryy19th century. 0aGettysburg, Battle of, Gettysburg, Pa., 1863. 0aGettysburg Campaign, 1863. 0aGettysburg National Military Park (Pa.) 0aUnited StatesxHistoryyCivil War, 1861-1865xArtillery operations. 7aElectronic books.2local2 aebrary, Inc.40uhttp://site.ebrary.com/lib/rucke/Doc?id=10498857zAn electronic book accessible through the World Wide Web; click to view c132362d132362